[Event "Titled Tue 3rd Jan Late"]
[Site "chess.com INT"]
[Date "2025.06.03"]
[Round "6"]
[White "Buchenau, Frank"]
[Black "Fernandes, Rogerio Paulo Muller"]
[Result "1-0"]
[WhiteTitle "FM"]
[WhiteElo "2190"]
[BlackElo "2241"]
[WhiteFideId "4604350"]
[BlackFideId "2101599"]
[EventDate "2025.06.03"]

1. e4 e6 2. d4 d5 3. Nd2 c5 4. exd5 Qxd5 5. Ngf3 cxd4 6. Bc4 Qd6 7. O-O Nf6 8.
Nb3 Nc6 9. Nbxd4 Nxd4 10. Nxd4 a6 11. Re1 Bd7 12. c3 Qc7 13. Bd3 h5 14. Qf3 Bd6
15. h3 O-O-O 16. Bg5 Be5 17. Rad1 Bxd4 18. cxd4 Bc6 19. Qe3 Nd5 20. Bxd8 Nxe3
21. Bxc7 Nxd1 22. Be5 Nxb2 23. Be2 f6 24. d5 fxe5 25. dxc6 bxc6 26. Bxa6+ Kd7
27. Rxe5 Na4 28. Bc4 Nb6 29. Bxe6+ Kd6 30. Re3 Re8 31. Bb3 Rxe3 32. fxe3 Ke5 33.
Kf2 g5 34. Bd1 h4 35. Kf3 Nd5 36. Bb3 Nc3 37. Kg4 Kf6 38. Bc4 c5 39. Kf3 Ke5 40.
g3 hxg3 41. Kxg3 Nd1 42. Kf3 Nb2 43. Bb3 c4 44. Bc2 c3 45. a4 Nc4 46. Bb3 Na3
47. Ke2 Ke4 48. a5 1-0

[Event "Titled Tue 3rd Jan Late"]
[Site "chess.com INT"]
[Date "2025.06.03"]
[Round "6"]
[White "Da Matta, Eduardo Cesar"]
[Black "Van der Werf, Mark"]
[Result "1/2-1/2"]
[BlackTitle "IM"]
[WhiteElo "2047"]
[BlackElo "2391"]
[WhiteFideId "2193108"]
[BlackFideId "1000470"]
[EventDate "2025.06.03"]

1. d4 Nf6 2. c4 c5 3. d5 g6 4. Nc3 Bg7 5. Nf3 O-O 6. Bf4 d6 7. h3 b5 8. cxb5 a6
9. bxa6 Bxa6 10. e3 Bxf1 11. Kxf1 Qa5 12. g4 Nbd7 13. Kg2 Rfb8 14. Qc2 Ne8 15.
h4 Nc7 16. h5 Nf6 17. hxg6 fxg6 18. g5 Nh5 19. Rxh5 gxh5 20. g6 h6 21. Qf5 Rf8
22. Qxh5 Rxf4 23. exf4 Qb4 24. Re1 Ne8 25. Rxe7 Nf6 26. Qf5 Rf8 27. Qe6+ Kh8 28.
Qxd6 Nh5 29. Re4 Qxb2 30. Na4 Qc2 31. Nxc5 Qb1 32. Ne5 Nxf4+ 33. Rxf4 Rxf4 34.
Nf7+ Kg8 35. Qxf4 Qxg6+ 36. Kf1 Qb1+ 37. Kg2 Qg6+ 38. Kh2 Qh5+ 39. Kg3 Qg6+ 40.
Kf3 Qh5+ 41. Ke3 Qxd5 42. Nxh6+ Kh8 43. Nf7+ Kg8 44. Nh6+ Kh8 45. Nf5 Qxc5+ 46.
Nd4 Qc1+ 47. Kf3 Qxf4+ 48. Kxf4 Bxd4 49. f3 Kg7 50. Ke4 Ba7 51. Kd5 Kf6 52. a4
Kf5 53. a5 Kf4 54. Kc6 Kxf3 55. Kb7 Bc5 56. a6 Bd4 57. a7 Bxa7 1/2-1/2

[Event "Titled Tue 3rd Jan Late"]
[Site "chess.com INT"]
[Date "2025.06.03"]
[Round "6"]
[White "Sarana, Alexey"]
[Black "Dubnevych, Maksym"]
[Result "1-0"]
[WhiteTitle "GM"]
[BlackTitle "FM"]
[WhiteElo "2686"]
[BlackElo "2292"]
[WhiteFideId "24133795"]
[BlackFideId "14184001"]
[EventDate "2025.06.03"]

1. e4 e5 2. Nf3 Nc6 3. Bb5 a6 4. Ba4 Bc5 5. c3 Nge7 6. O-O Ng6 7. d4 Ba7 8. Re1
O-O 9. Bb3 d6 10. Bg5 Qe8 11. Be3 exd4 12. cxd4 Bg4 13. Qd3 Bxf3 14. gxf3 Qd7
15. Nd2 Qh3 16. Kh1 Nh4 17. Rg1 Nxf3 18. Rg2 Rae8 19. Nxf3 Qxf3 20. Rg1 g6 21.
Qc4 Qxe4 22. Bh6 Bxd4 23. Bxf8 Rxf8 24. f3 Qxf3 25. Rf1 d5 26. Qc1 Qe4 27. Re1
Qf3 28. Qg5 Qf6 29. Qxd5 Kg7 30. Rg3 Rd8 31. Qg2 Ne5 32. Rf1 Qd6 33. Qxb7 Rd7
34. Qe4 c5 35. Ba4 Re7 36. Qg2 a5 37. Bc2 Nc4 38. Qf3 Ne3 39. Rc1 Qe5 40. Bd3
Bxb2 41. Rb1 Bd4 42. Re1 Qd6 43. Be2 Nd5 44. Rf1 Nf6 45. Bc4 Qe5 46. Qg2 Qd6 47.
Rgf3 Qe6 48. Bxe6 Rxe6 49. Rf4 Nd5 50. Rxf7+ Kh6 51. Qxd5 Re4 52. Qxe4 1-0

[Event "Titled Tue 3rd Jan Late"]
[Site "chess.com INT"]
[Date "2025.06.03"]
[Round "6"]
[White "Albores, Pablo"]
[Black "Sroczynski, Maciej"]
[Result "1/2-1/2"]
[WhiteTitle "CM"]
[BlackTitle "FM"]
[WhiteElo "2220"]
[BlackElo "2236"]
[WhiteFideId "105546"]
[BlackFideId "1121472"]
[EventDate "2025.06.03"]

1. c4 Nf6 2. Nc3 g6 3. g3 Bg7 4. Bg2 O-O 5. Nf3 d6 6. O-O Nc6 7. d3 a6 8. Rb1 b5
9. cxb5 axb5 10. Nxb5 Rxa2 11. Na3 Nb4 12. Qb3 c5 13. Bd2 Be6 14. Qd1 Nfd5 15.
Nc4 Nb6 16. Nxb6 Qxb6 17. Bc3 Rb8 18. Ng5 Bd5 19. Bxb4 Bxg2 20. Qb3 c4 21. Qxa2
Bxf1 22. Qxc4 e6 23. Kxf1 d5 24. Qf4 f6 25. Nxe6 Qxb4 26. Nxg7 Qxf4 27. gxf4
Kxg7 28. b4 Kf7 29. e3 Ke6 30. h4 Kd6 31. Ke2 Kc6 32. e4 dxe4 33. dxe4 Kb5 34.
Kf3 Re8 35. Ke3 Re7 36. Rd1 Kxb4 37. Rd6 f5 38. e5 Kc5 39. Rd8 Kc6 40. Rg8 Kd5
41. h5 gxh5 42. Rg5 Ke6 43. Rxh5 Rf7 44. Rh6+ Ke7 45. Kd4 Kf8 46. Kd5 Kg7 47.
Rd6 h5 48. e6 Rf8 49. Ke5 h4 50. Rd1 Kg6 51. Rh1 Rh8 52. Kd6 Kf6 53. Kd5 h3 54.
Rh2 Rh4 55. Kd6 Rxf4 56. Rxh3 Rd4+ 57. Kc5 Rd2 58. Re3 Ke7 59. f4 Rf2 60. Kd5
Rxf4 61. Ke5 Rf1 62. Rh3 Re1+ 63. Kxf5 Rf1+ 64. Ke5 Re1+ 65. Kf4 Rxe6 66. Re3
Rxe3 67. Kxe3 1/2-1/2

[Event "Titled Tue 3rd Jan Late"]
[Site "chess.com INT"]
[Date "2025.06.03"]
[Round "6"]
[White "Deac, Bogdan-Daniel"]
[Black "Tatarinov, Dmitry"]
[Result "1-0"]
[WhiteTitle "GM"]
[BlackTitle "FM"]
[WhiteElo "2668"]
[BlackElo "2344"]
[WhiteFideId "1226380"]
[BlackFideId "24160067"]
[EventDate "2025.06.03"]

1. d4 Nf6 2. c4 g6 3. Nc3 Bg7 4. Nf3 d6 5. e3 O-O 6. Be2 c5 7. d5 e6 8. Nd2 a6
9. a4 Nbd7 10. O-O Ne8 11. a5 Nc7 12. e4 Rb8 13. Re1 b5 14. axb6 Rxb6 15. Qc2
Re8 16. h3 exd5 17. cxd5 Nb5 18. Nc4 Nd4 19. Qd1 Rb4 20. Nxd6 Nxe2+ 21. Qxe2 Re7
22. Nxc8 Qxc8 23. Qxa6 Qxa6 24. Rxa6 f5 25. Re6 Rf7 26. e5 Nxe5 27. R6xe5 Bxe5
28. Rxe5 f4 29. Re4 g5 30. h4 h6 31. hxg5 hxg5 32. d6 Ra7 33. Re5 Kf7 34. Kh2
Kf6 35. Rxc5 Rd4 36. f3 Kg6 37. Kg1 Ra1 38. Ne2 Rxd6 39. Kf2 Rb1 40. g3 fxg3+
41. Kxg3 Rd1 42. Rxg5+ Kf6 43. Rc5 Ke6 44. Kf2 Kd6 45. Rc2 Rh1 46. Kg3 Ra1 47.
Kg2 Rh8 48. Bf4+ Ke6 49. Nd4+ Kd5 50. Ne2 Rg8+ 51. Bg3 Ra2 52. Nc3+ Kc4 53.
Nxa2+ Kb3 54. Re2 Kxa2 55. Rf2 Kb3 56. f4 Rf8 57. f5 Rf6 58. Be5 Rf7 59. f6 1-0

[Event "Titled Tue 3rd Jan Late"]
[Site "chess.com INT"]
[Date "2025.06.03"]
[Round "6"]
[White "Holinka, Henning"]
[Black "Chen, Yidong"]
[Result "0-1"]
[WhiteTitle "FM"]
[WhiteElo "2303"]
[BlackElo "2038"]
[WhiteFideId "12967084"]
[BlackFideId "8607028"]
[EventDate "2025.06.03"]

1. c4 Nf6 2. g3 g6 3. Bg2 Bg7 4. Nf3 O-O 5. O-O c6 6. d4 d5 7. b3 a5 8. Bb2 Ne4
9. Nc3 Nxc3 10. Bxc3 Nd7 11. Re1 Nf6 12. Ne5 Ne4 13. Bb2 a4 14. bxa4 Qa5 15.
cxd5 cxd5 16. Qb3 Be6 17. Ba3 Qxa4 18. Bxe7 Rfe8 19. Qb4 Qa7 20. e3 b6 21. Nc6
Qb7 22. Rac1 Rac8 23. Bxe4 dxe4 24. Qd6 Rxc6 25. Rxc6 Qxe7 26. Qxe7 Rxe7 27.
Rxb6 Bxa2 28. Ra1 Bd5 29. Rd6 Bb7 30. Ra7 Bf8 31. Rd8 Kg7 32. d5 Rc7 33. Kg2 Bc5
34. Ra5 Be7 35. Rb8 Bc8 36. Rab5 Bg4 37. h3 Bf3+ 38. Kh2 Rc1 39. Rb1 Rxb1 40.
Rxb1 Bd6 41. Rb6 Be5 42. Kg1 Kf8 43. Kf1 Ke7 44. Ke1 h5 45. Kd2 h4 46. gxh4 Bg2
47. Rb7+ Kf6 48. Rb6+ Kg7 49. Rb7 Bxh3 50. Re7 Kf6 51. Re8 Bd7 52. Rd8 Ke7 53.
Rh8 Bxh8 0-1

[Event "Titled Tue 3rd Jan Late"]
[Site "chess.com INT"]
[Date "2025.06.03"]
[Round "6"]
[White "Zieba, Hubert"]
[Black "Rajaram, Rohan"]
[Result "1/2-1/2"]
[WhiteTitle "CM"]
[BlackTitle "CM"]
[WhiteElo "2233"]
[BlackElo "2164"]
[WhiteFideId "21844704"]
[BlackFideId "30940729"]
[EventDate "2025.06.03"]

1. d4 Nf6 2. c4 e6 3. g3 d5 4. Bg2 c5 5. cxd5 exd5 6. Nf3 Nc6 7. O-O cxd4 8.
Nxd4 Be7 9. Nc3 O-O 10. Nb3 Be6 11. Bg5 d4 12. Bxf6 Bxf6 13. Ne4 Be7 14. Nec5
Bd5 15. Nxb7 Qd7 16. N3c5 Bxc5 17. Nxc5 Qd6 18. Bxd5 Qxd5 19. Nd3 Rab8 20. b3
Rfe8 21. Rc1 h6 22. Rc5 Qe6 23. Qc2 Ne7 24. Nf4 Qd6 25. Rd1 Rbc8 26. b4 Nc6 27.
Rc1 Ne7 28. Qc4 Rb8 29. Rd1 Red8 30. e3 Qb6 31. Rxd4 Rxd4 32. Qxd4 Qxb4 33. Qxb4
Rxb4 34. Rc7 Nf5 35. Rxa7 Rb2 36. a4 Nd6 37. Nd5 Ne4 38. a5 Rb1+ 39. Kg2 Rb2 40.
a6 Rxf2+ 41. Kg1 Ra2 42. Ra8+ Kh7 43. Nb4 Ra4 44. Nc6 Ra1+ 45. Kg2 Ra2+ 46. Kf3
Nd2+ 47. Kf4 Ra4+ 48. Ke5 Nc4+ 49. Kf5 Nd6+ 50. Ke5 Nc4+ 51. Kf5 Nxe3+ 52. Ke5
Nc4+ 53. Kf5 Nd6+ 54. Ke5 Nc4+ 55. Kf5 Nd6+ 56. Ke5 Nc4+ 1/2-1/2

[Event "Titled Tue 3rd Jan Late"]
[Site "chess.com INT"]
[Date "2025.06.03"]
[Round "6"]
[White "Sjugirov, Sanan"]
[Black "Popov, Konstantin"]
[Result "1/2-1/2"]
[WhiteTitle "GM"]
[BlackTitle "FM"]
[WhiteElo "2638"]
[BlackElo "2378"]
[WhiteFideId "4189302"]
[BlackFideId "34137910"]
[EventDate "2025.06.03"]

1. e4 c5 2. Nf3 d6 3. Bb5+ Nd7 4. O-O a6 5. Bd3 g6 6. Re1 Bg7 7. Bf1 Ngf6 8. c3
O-O 9. d4 e5 10. a4 b6 11. h3 Bb7 12. d5 Ne8 13. Na3 Rb8 14. Nc4 Bc8 15. b4 h6
16. Ba3 f5 17. a5 b5 18. Ncd2 c4 19. Bc1 f4 20. Nh2 Nef6 21. Be2 Rf7 22. Ra2 Nf8
23. Ng4 N8h7 24. Nxf6+ Nxf6 25. Bf3 Bf8 26. Nf1 Rg7 27. Nh2 h5 28. Kf1 Qe8 29.
g4 fxg3 30. fxg3 Bxh3+ 31. Kg1 Rbb7 32. Bg2 Bxg2 33. Rxg2 Rbf7 34. g4 Kh8 35.
Bg5 Nh7 36. Be3 Be7 37. Kh1 h4 38. g5 Qd7 39. Qg4 Qxg4 40. Rxg4 Kg8 41. Reg1 h3
42. R1g3 Rf8 43. Rxh3 Rgf7 44. Kg2 Rg7 45. Rf3 Rxf3 46. Nxf3 Nf8 47. Rg3 Rh7 48.
Rh3 Kg7 49. Rxh7+ Kxh7 50. Kg3 Kg7 51. Kg4 Kf7 52. Ne1 Nd7 53. Nf3 Nf8 54. Bf2
Nd7 55. Bg1 Bd8 56. Be3 Bc7 57. Ne1 Bd8 58. Ng2 Bc7 59. Nh4 Bd8 60. Nf3 Bc7 61.
Bf2 Bd8 62. Be3 1/2-1/2

[Event "Titled Tue 3rd Jan Late"]
[Site "chess.com INT"]
[Date "2025.06.03"]
[Round "6"]
[White "Noroozi, Omid"]
[Black "Mirimanian, Hayk"]
[Result "1/2-1/2"]
[WhiteTitle "IM"]
[BlackTitle "FM"]
[WhiteElo "2266"]
[BlackElo "2237"]
[WhiteFideId "12501190"]
[BlackFideId "4700180"]
[EventDate "2025.06.03"]

1. c4 c5 2. Nf3 Nc6 3. Nc3 g6 4. e3 Bg7 5. d4 Nf6 6. Be2 cxd4 7. exd4 d5 8. O-O
O-O 9. cxd5 Nxd5 10. Bc4 Nb6 11. Bb3 Nxd4 12. Nxd4 Qxd4 13. Qe2 e5 14. Be3 Qb4
15. Bxb6 Qxb6 16. Nd5 Qd8 17. Rad1 Be6 18. Qb5 Rb8 19. Qb4 Kh8 20. Nf4 Qh4 21.
g3 Qg4 22. h3 Qf5 23. Nxe6 fxe6 24. Qg4 e4 25. Bxe6 Qxg4 26. Bxg4 Bxb2 27. Rfe1
Rbe8 28. Rd7 b5 29. Re2 Bg7 30. h4 a5 31. Rd5 h5 32. Bh3 a4 33. Rxb5 a3 34. Bg2
Bd4 35. Rb4 Bc5 36. Rbxe4 Rxe4 37. Bxe4 Kg7 38. Kg2 Re8 39. f3 Rb8 40. Bd5 Rb2
41. Kf1 Rxe2 42. Kxe2 Kf6 43. Kd3 g5 44. hxg5+ Kxg5 45. Ke4 Bd6 46. f4+ Kg4 47.
Bf7 Kxg3 48. Bxh5 Bxf4 49. Bf7 Bc1 50. Kd5 Bb2 51. Kc4 Kf4 52. Kb3 Kf5 53. Bc4
Ke5 54. Kc2 Kd4 55. Bb3 Kc5 56. Bg8 Kd4 57. Bb3 Kc5 58. Bg8 Kd4 59. Bb3 1/2-1/2

[Event "Titled Tue 3rd Jan Late"]
[Site "chess.com INT"]
[Date "2025.06.03"]
[Round "6"]
[White "Maglioni, Leonardo"]
[Black "Sailer, Mike"]
[Result "0-1"]
[WhiteElo "2069"]
[BlackElo "2108"]
[WhiteFideId "2896830"]
[BlackFideId "2012901"]
[EventDate "2025.06.03"]

1. d4 d5 2. Bf4 Nf6 3. e3 c5 4. c3 Nc6 5. Nd2 Qb6 6. Qb3 c4 7. Qc2 g6 8. f3 Bg7
9. g4 e6 10. Ne2 Bd7 11. Bg2 O-O 12. h3 Rfe8 13. O-O e5 14. Bg3 exd4 15. Nxd4
Nxd4 16. exd4 Re2 17. Rae1 Rae8 18. Rxe2 Rxe2 19. Re1 Qe6 20. Kf1 Rxe1+ 21. Bxe1
Bh6 22. b3 cxb3 23. axb3 Bb5+ 24. c4 dxc4 25. Nxc4 Nd5 26. Bf2 Be3 27. Kg1 Bxf2+
28. Qxf2 Nf4 29. Bf1 a5 30. Nxa5 Bxf1 31. Qxf1 Qe3+ 32. Kh2 Qd2+ 33. Kg3 Ne2+
34. Kf2 Nxd4+ 35. Kg1 Qxa5 36. Qd3 Qe1+ 37. Kg2 Qe2+ 38. Qxe2 Nxe2 39. Kf2 Nd4
40. b4 Nc6 41. b5 Na7 42. b6 Nc8 43. Ke3 Nxb6 44. Kd4 Nc8 45. Kd5 b6 46. Kc6 Kg7
47. f4 Kf6 48. h4 Ke6 49. Kc7 b5 50. Kxc8 b4 51. Kd8 b3 52. Ke8 b2 53. Kf8 b1=Q
54. Kg8 Qb4 55. Kxh7 Qxf4 56. h5 gxh5 57. gxh5 Kf6 58. h6 Qg5 59. Kh8 Qxh6+ 60.
Kg8 Qg6+ 61. Kf8 Qg5 62. Ke8 Kg6 63. Kf8 f5 64. Kg8 f4 65. Kf8 f3 66. Ke8 f2 67.
Kd7 f1=Q 68. Ke8 Qe1+ 69. Kd7 Qgd2+ 70. Kc6 Qec1+ 71. Kb5 Qdb2+ 0-1

[Event "Titled Tue 3rd Jan Late"]
[Site "chess.com INT"]
[Date "2025.06.03"]
[Round "6"]
[White "Fedoryshyn, Ievgenii"]
[Black "Zepeda Berlanga, Jan Enrique"]
[Result "1-0"]
[WhiteTitle "FM"]
[BlackTitle "CM"]
[WhiteElo "2278"]
[BlackElo "1941"]
[WhiteFideId "26095467"]
[BlackFideId "5132355"]
[EventDate "2025.06.03"]

1. c4 Nf6 2. Nc3 d5 3. d4 e6 4. Bg5 Be7 5. Nf3 O-O 6. e3 c6 7. Bd3 dxc4 8. Bxc4
Nbd7 9. O-O c5 10. d5 exd5 11. Nxd5 Nxd5 12. Qxd5 Nb6 13. Qxd8 Bxd8 14. Bd3 h6
15. Bf4 Bf6 16. Rab1 Rd8 17. Be4 Nd5 18. Bg3 Be6 19. Rfc1 Rac8 20. Ne5 h5 21. h4
b6 22. Nc4 Rd7 23. Rd1 Rcd8 24. a3 Bg4 25. f3 Be6 26. Kf2 Ne7 27. Rxd7 Rxd7 28.
Nd6 Ba2 29. Rd1 Bb3 30. Rd3 c4 31. Nxc4 Rxd3 32. Bxd3 Bxc4 33. Bxc4 Bxb2 34. Bb8
a6 35. Bd6 b5 36. Bxb5 axb5 37. Bxe7 f6 38. e4 Kf7 39. Bb4 Ke6 40. Ke3 g5 41.
hxg5 fxg5 42. Kd3 Be5 43. Bc5 Kd7 44. Bd4 Bg3 45. Kc3 Kc6 46. Kb4 Be1+ 47. Kb3
Bg3 48. Bf6 Bd6 49. Bxg5 Bg3 50. f4 h4 51. e5 Kd5 52. Kb4 Kc6 53. Kc3 Be1+ 54.
Kd4 Bf2+ 55. Ke4 Bc5 56. e6 Bxa3 57. f5 1-0

[Event "Titled Tue 3rd Jan Late"]
[Site "chess.com INT"]
[Date "2025.06.03"]
[Round "6"]
[White "Erzhanov, Arman"]
[Black "Ivashentseva, Dominika"]
[Result "0-1"]
[WhiteTitle "FM"]
[BlackTitle "WCM"]
[WhiteElo "2136"]
[BlackElo "1921"]
[WhiteFideId "4138821"]
[BlackFideId "34331050"]
[EventDate "2025.06.03"]

1. e4 c5 2. Nf3 d6 3. Bb5+ Bd7 4. Bxd7+ Nxd7 5. O-O g6 6. Re1 Bg7 7. c3 e6 8. d4
cxd4 9. cxd4 Ne7 10. Nc3 O-O 11. Bg5 Re8 12. Qd2 Qb6 13. Rac1 f6 14. Be3 d5 15.
exd5 Nxd5 16. Ne4 f5 17. Nc5 Nxc5 18. dxc5 Qxb2 19. Qxb2 Bxb2 20. Rb1 Bc3 21.
Rec1 Rab8 22. Bd4 Bxd4 23. Nxd4 e5 24. Nb5 a6 25. Nd6 Re7 26. c6 b5 27. Rc5 Nc7
28. Nb7 Ne8 29. Rd1 Rc7 30. Rd7 Kf8 31. Na5 Rbc8 32. Rxe5 Rxd7 33. h4 Re7 34.
Rd5 Nf6 35. Rd6 Ne4 36. Rd4 Ke8 37. f3 Nc3 38. Kh2 Nxa2 39. h5 gxh5 40. Rd5 Nb4
41. Rxf5 Nxc6 42. Rc5 Rec7 43. Nb3 Ne7 44. Rxh5 Ng8 45. Nd4 b4 46. Re5+ Re7 47.
Ra5 Rd7 48. Nf5 b3 49. Rxa6 Rb8 50. Nd6+ Rxd6 51. Rxd6 b2 52. Rd1 b1=Q 53. Rxb1
Rxb1 54. Kh3 Kf7 55. Kh4 Kg6 56. g4 h6 57. f4 Rh1+ 58. Kg3 Nf6 59. g5 hxg5 60.
fxg5 Kxg5 61. Kg2 Ra1 62. Kf3 Ra4 63. Ke3 Kf5 64. Kd3 Ke5 65. Ke3 Ra3+ 66. Kd2
Kd4 67. Kc2 Rh3 68. Kb2 Kc4 69. Ka2 Kb4 70. Kb2 Rh2+ 71. Kc1 Kc3 72. Kd1 Kd3 73.
Ke1 Ra2 74. Kf1 Ke3 75. Kg1 Kf3 76. Kf1 Ra1# 0-1

[Event "Titled Tue 3rd Jan Late"]
[Site "chess.com INT"]
[Date "2025.06.03"]
[Round "6"]
[White "Woodward, Andy"]
[Black "Panarin, Mikhail"]
[Result "0-1"]
[WhiteTitle "GM"]
[BlackTitle "GM"]
[WhiteElo "2547"]
[BlackElo "2562"]
[WhiteFideId "30953499"]
[BlackFideId "4153251"]
[EventDate "2025.06.03"]

1. e4 c6 2. Nf3 d5 3. Nc3 dxe4 4. Nxe4 Nf6 5. Nxf6+ exf6 6. d4 Bd6 7. Bd3 O-O 8.
O-O Na6 9. c3 Nc7 10. h3 Be6 11. Qc2 g6 12. Bh6 Re8 13. Rfe1 Qd7 14. Bf1 b5 15.
a4 a6 16. Nd2 f5 17. c4 bxc4 18. Nxc4 Rab8 19. Bd2 Bd5 20. Rxe8+ Nxe8 21. Re1
Bc7 22. Ne5 Bxe5 23. Rxe5 Bb3 24. Qc5 Be6 25. d5 cxd5 26. Bc3 Qxa4 27. Re1 h5
28. Bd3 Rc8 29. Qe7 d4 30. Bb4 Nc7 31. Bd6 Qd7 32. Ra1 Qxe7 33. Bxe7 Kg7 34. Bd6
h4 35. Be5+ f6 36. Bd6 Bd7 37. Re1 Nd5 38. Bb1 Bb5 39. Ba2 Rd8 40. Bc5 d3 41.
Bb3 Nf4 42. Re7+ Kh6 43. Be3 g5 44. Rf7 Re8 45. Rxf6+ Kg7 46. Rd6 Ne2+ 47. Kh2
f4 48. Bd2 Rc8 49. Ba5 Rc1 50. Be6 Kg6 51. Bc4+ Kg7 52. Bxb5 axb5 53. Rxd3 Rc2
54. Rd5 Kg6 55. Rxb5 Nc1 56. Bb6 Nd3 57. Bd4 Rd2 58. Rb6+ Kf5 59. f3 Ne5 60. Rb4
Nxf3+ 61. Kh1 Rd1+ 62. Bg1 Rxg1# 0-1

[Event "Titled Tue 3rd Jan Late"]
[Site "chess.com INT"]
[Date "2025.06.03"]
[Round "6"]
[White "Yilmaz, Baver"]
[Black "Drozdowski, Kacper"]
[Result "1-0"]
[WhiteTitle "FM"]
[BlackTitle "IM"]
[WhiteElo "2233"]
[BlackElo "2450"]
[WhiteFideId "26363542"]
[BlackFideId "1136720"]
[EventDate "2025.06.03"]

1. e4 c5 2. Nf3 e6 3. d4 cxd4 4. Nxd4 Nc6 5. Nc3 Qc7 6. Ncb5 Qb8 7. Bd3 Nge7 8.
O-O a6 9. Nxc6 Nxc6 10. Nc3 Bc5 11. Kh1 b5 12. f4 b4 13. Ne2 Bb7 14. Ng3 Qc7 15.
Rb1 d6 16. b3 Bd4 17. a3 a5 18. Bb5 Bc3 19. a4 O-O 20. f5 Be5 21. Bd3 Rad8 22.
Qg4 Kh8 23. f6 gxf6 24. Qh4 Rg8 25. Nh5 Qe7 26. Nxf6 Bxf6 27. Rxf6 Ne5 28. Bg5
Rxg5 29. Qxg5 Rg8 30. Qf4 Rg4 31. Qf2 d5 32. Rf4 dxe4 33. Rxg4 Nxg4 34. Qf4 f5
35. Be2 Nf6 36. Qb8+ Kg7 37. Rd1 Bd5 38. Qe5 Kf7 39. Bc4 Ng4 40. Qf4 Qc5 41. Rf1
Bxc4 42. bxc4 Ne3 43. Re1 Nxc2 44. Rd1 Nd4 45. Qe3 e5 46. Qh6 b3 47. Qxh7+ Ke6
48. Qg6+ Ke7 49. Qg7+ Kd6 50. Qf6+ Kc7 51. Qf7+ Kb6 52. Qf6+ Nc6 53. Qxf5 Qxc4
54. Qf2+ Kc7 55. Qe3 b2 56. Qd2 Qb3 57. Rb1 Qd3 58. Qxb2 e3 59. Qb6+ Kd6 60. Re1
e2 61. Qf2 Nd4 62. Qf6+ Kd5 63. Qd8+ Kc4 64. Qc7+ Kb3 65. Qxa5 Kc2 66. Qc5+ Kd2
67. Qc1# 1-0

[Event "Titled Tue 3rd Jan Late"]
[Site "chess.com INT"]
[Date "2025.06.03"]
[Round "6"]
[White "Danila, Tudor-Gabriel"]
[Black "Alekseev, Evgeny"]
[Result "1-0"]
[WhiteTitle "CM"]
[BlackTitle "GM"]
[WhiteElo "2178"]
[BlackElo "2516"]
[WhiteFideId "1274244"]
[BlackFideId "4138147"]
[EventDate "2025.06.03"]

1. e4 c5 2. c3 Nf6 3. e5 Nd5 4. d4 cxd4 5. Nf3 Nc6 6. cxd4 d6 7. Bc4 Nb6 8. Bb3
dxe5 9. d5 Na5 10. Nc3 f6 11. Be3 g6 12. Rc1 Bg7 13. Nb5 O-O 14. d6+ e6 15. Nc7
Nxb3 16. Qxb3 Rb8 17. Nxe6 Bxe6 18. Qxe6+ Kh8 19. Rc7 Qe8 20. Re7 Qb5 21. h4 h5
22. g4 Qb4+ 23. Ke2 Qxg4 24. Qxg4 hxg4 25. Nd2 Nd5 26. Bxa7 Rbc8 27. Rxb7 Rfd8
28. h5 Nf4+ 29. Ke1 gxh5 30. Rc7 Ra8 31. Ne4 Kg8 32. Bc5 f5 33. Nc3 h4 34. Kd2
h3 35. a3 Bf8 36. Nb5 Rab8 37. a4 Ne6 38. Rc6 Nxc5 39. Rxc5 Bxd6 40. Nxd6 Rxd6+
41. Kc2 Re8 42. a5 Kf7 43. b4 Ra6 44. Kb3 Ke6 45. Kc4 e4 46. Kb5 Raa8 47. Rc6+
Ke5 48. a6 Reb8+ 49. Rb6 Rd8 50. Ka5 Kf4 51. Re6 Kf3 52. Rh2 Rd2 53. b5 Rxf2 54.
Rxf2+ Kxf2 55. b6 h2 56. Rh6 g3 57. b7 Rg8 58. a7 Kg2 59. b8=Q 1-0

[Event "Titled Tue 3rd Jan Late"]
[Site "chess.com INT"]
[Date "2025.06.03"]
[Round "6"]
[White "Povshednyi, Ivan"]
[Black "Deng, Henry"]
[Result "0-1"]
[WhiteTitle "FM"]
[BlackTitle "FM"]
[WhiteElo "2320"]
[BlackElo "2327"]
[WhiteFideId "14190907"]
[BlackFideId "30965454"]
[EventDate "2025.06.03"]

1. d4 Nf6 2. c4 c6 3. Nc3 d5 4. cxd5 cxd5 5. Bf4 Nc6 6. e3 Bf5 7. Qb3 Na5 8.
Qa4+ Bd7 9. Qc2 e6 10. Bd3 Rc8 11. Nf3 Be7 12. O-O O-O 13. h3 Qb6 14. Ne5 Be8
15. Qe2 Nc6 16. Rac1 Nxe5 17. Bxe5 Bd7 18. Rc2 h6 19. Rfc1 Bc6 20. Qf3 Nd7 21.
Bf4 e5 22. dxe5 d4 23. Nd5 Bxd5 24. Qxd5 Rxc2 25. Rxc2 Nc5 26. Bc4 Ne6 27. Qb5
Bc5 28. Qxb6 Bxb6 29. Bxe6 fxe6 30. exd4 Rxf4 31. Rc8+ Kf7 32. Rb8 Bxd4 33.
Rxb7+ Kg6 34. Re7 Rxf2 35. Rxe6+ Kf5 36. Ra6 Rxb2+ 37. Kh2 Kxe5 38. Kg3 Kf5 39.
Ra5+ Be5+ 40. Kf3 Rb7 41. g4+ Kf6 42. h4 Bd4 43. Ra6+ Bb6 44. Ra4 Rc7 45. Kf4
g5+ 46. hxg5+ hxg5+ 47. Ke4 Re7+ 48. Kf3 Re3+ 49. Kg2 Rc3 50. Re4 Rc2+ 51. Kf3
Rxa2 52. Rc4 Ra3+ 53. Ke4 Rg3 54. Rc6+ Ke7 55. Kf5 Be3 56. Re6+ Kd7 57. Ra6 Kc7
58. Ra3 Kb8 59. Rb3+ Ka8 60. Ra3 Bf4 61. Ra4 Rb3 62. Ra5 Kb7 63. Rd5 Kb6 64. Rd1
Rb5+ 65. Ke4 a5 66. Rd8 a4 67. Ra8 Ra5 68. Rc8 a3 69. Rh8 a2 70. Rh6+ Kc5 71.
Kf5 Kd4+ 72. Kg6 Ra6+ 73. Kg7 Rxh6 74. Kg8 a1=Q 75. Kg7 Qa6 76. Kf7 Be5 77. Ke7
Qe6+ 0-1

[Event "Titled Tue 3rd Jan Late"]
[Site "chess.com INT"]
[Date "2025.06.03"]
[Round "6"]
[White "Shukhman, Anna"]
[Black "Kovacsy, Barnabas"]
[Result "1-0"]
[WhiteTitle "WGM"]
[BlackTitle "FM"]
[WhiteElo "2413"]
[BlackElo "2252"]
[WhiteFideId "54180058"]
[BlackFideId "769290"]
[EventDate "2025.06.03"]

1. e4 c5 2. Nf3 e6 3. d4 cxd4 4. Nxd4 Nc6 5. Nc3 Qc7 6. Be3 a6 7. Qd2 Nf6 8. f3
h5 9. Nb3 b5 10. a4 b4 11. Ne2 Ne5 12. Bf4 d6 13. Ned4 Nc4 14. Qxb4 Nxb2 15. Qa3
e5 16. Qxb2 exf4 17. Bd3 Be7 18. O-O O-O 19. Nf5 Bxf5 20. exf5 Nd5 21. Qd4 Ne3
22. f6 Bxf6 23. Qxf4 Nxf1 24. Qf5 g6 25. Qxf6 Ne3 26. Re1 Nd5 27. Qg5 Qb6+ 28.
Kf1 Rae8 29. Qxd5 Rxe1+ 30. Kxe1 Qg1+ 31. Kd2 Qxh2 32. Qg5 Re8 33. Nd4 Qe5 34.
Qxe5 dxe5 35. Nc6 f5 36. Bxa6 g5 37. Bc4+ Kg7 38. a5 g4 39. fxg4 hxg4 40. a6 f4
41. a7 e4 42. Nb8 Rd8+ 43. Ke2 f3+ 44. gxf3 exf3+ 45. Ke3 Re8+ 46. Kf4 Rf8+ 47.
Kxg4 f2 48. a8=Q Rf6 49. Qb7+ Kh6 50. Qh1+ Kg7 51. Bf1 Rg6+ 52. Kf3 Rf6+ 53. Ke2
Re6+ 54. Kxf2 Rf6+ 55. Ke1 Re6+ 56. Be2 Rg6 57. Qb7+ Kh6 58. Bd3 Re6+ 59. Kd2
Rf6 60. Qh7+ Kg5 61. Qg7+ Kh5 62. Qxf6 Kg4 63. Be2+ Kh3 64. Qg7 Kh2 65. Bf3 Kh3
66. Qg4+ 1-0